<?xml version="1.0" encoding="UTF-8"?>
<record
    xmlns:xsi="http://www.w3.org/2001/XMLSchema-instance"
    xsi:schemaLocation="http://www.loc.gov/MARC21/slim http://www.loc.gov/standards/marcxml/schema/MARC21slim.xsd"
    xmlns="http://www.loc.gov/MARC21/slim">

  <leader>01690nam0a2200385   4500</leader>
  <controlfield tag="001">RU\NLR\bibl\183248</controlfield>
  <controlfield tag="005">20250618063451.0</controlfield>
  <datafield tag="010" ind1=" " ind2=" ">
    <subfield code="a">5-7493-0329-2</subfield>
    <subfield code="9">500</subfield>
  </datafield>
  <datafield tag="021" ind1=" " ind2=" ">
    <subfield code="a">RU</subfield>
    <subfield code="b">2001-21375</subfield>
    <subfield code="9">1012</subfield>
  </datafield>
  <datafield tag="035" ind1=" " ind2=" ">
    <subfield code="a">(NLR Aleph) 000179855</subfield>
  </datafield>
  <datafield tag="090" ind1=" " ind2=" ">
    <subfield code="a">1038185</subfield>
    <subfield code="c">1038185</subfield>
  </datafield>
  <datafield tag="100" ind1=" " ind2=" ">
    <subfield code="a">20010731d2001    |||y0rusy50      ca</subfield>
  </datafield>
  <datafield tag="101" ind1="0" ind2=" ">
    <subfield code="a">rus</subfield>
  </datafield>
  <datafield tag="102" ind1=" " ind2=" ">
    <subfield code="a">RU</subfield>
  </datafield>
  <datafield tag="105" ind1=" " ind2=" ">
    <subfield code="a">a   |||||||||</subfield>
  </datafield>
  <datafield tag="200" ind1="1" ind2=" ">
    <subfield code="a">&#x41F;&#x440;&#x43E;&#x431;&#x43B;&#x435;&#x43C;&#x44B; &#x438; &#x43E;&#x43F;&#x44B;&#x442; &#x440;&#x430;&#x437;&#x432;&#x438;&#x442;&#x438;&#x44F; &#x432;&#x43D;&#x443;&#x442;&#x440;&#x438;&#x445;&#x43E;&#x437;&#x44F;&#x439;&#x441;&#x442;&#x432;&#x435;&#x43D;&#x43D;&#x44B;&#x445; &#x43E;&#x442;&#x43D;&#x43E;&#x448;&#x435;&#x43D;&#x438;&#x439; &#x43D;&#x430; &#x441;&#x435;&#x43B;&#x44C;&#x441;&#x43A;&#x43E;&#x445;&#x43E;&#x437;&#x44F;&#x439;&#x441;&#x442;&#x432;&#x435;&#x43D;&#x43D;&#x43E;&#x43C; &#x43F;&#x440;&#x435;&#x434;&#x43F;&#x440;&#x438;&#x44F;&#x442;&#x438;&#x438;</subfield>
    <subfield code="e">(&#x41D;&#x430; &#x43F;&#x440;&#x438;&#x43C;&#x435;&#x440;&#x435; &#x444;&#x435;&#x434;&#x435;&#x440;. &#x433;&#x43E;&#x441;. &#x443;&#x43D;&#x438;&#x442;&#x430;&#x440;. &#x43F;&#x440;&#x435;&#x434;&#x43F;&#x440;&#x438;&#x44F;&#x442;&#x438;&#x44F; &#x443;&#x447;&#x445;&#x43E;&#x437; "&#x41D;&#x43E;&#x432;&#x438;&#x43D;&#x43A;&#x438;" &#x41D;&#x438;&#x436;&#x435;&#x433;&#x43E;&#x440;. &#x43E;&#x431;&#x43B;.)</subfield>
    <subfield code="f">&#x415;. &#x418;. &#x418;&#x432;&#x430;&#x448;&#x438;&#x43D;</subfield>
  </datafield>
  <datafield tag="210" ind1=" " ind2=" ">
    <subfield code="a">&#x421;&#x430;&#x440;&#x430;&#x43D;&#x441;&#x43A;</subfield>
    <subfield code="c">&#x41A;&#x440;&#x430;&#x441;. &#x41E;&#x43A;&#x442;.</subfield>
    <subfield code="d">2001</subfield>
  </datafield>
  <datafield tag="215" ind1=" " ind2=" ">
    <subfield code="a">65, [1] &#x441;., [8] &#x43B;. &#x446;&#x432;.&#x438;&#x43B;.</subfield>
    <subfield code="c">&#x438;&#x43B;., &#x446;&#x432;.&#x438;&#x43B;.</subfield>
    <subfield code="d">20</subfield>
  </datafield>
  <datafield tag="320" ind1=" " ind2=" ">
    <subfield code="a">&#x411;&#x438;&#x431;&#x43B;&#x438;&#x43E;&#x433;&#x440;.: &#x441;. 64-65 (24 &#x43D;&#x430;&#x437;&#x432;.)</subfield>
  </datafield>
  <datafield tag="606" ind1="0" ind2=" ">
    <subfield code="a">&#x421;&#x435;&#x43B;&#x44C;&#x441;&#x43A;&#x43E;&#x445;&#x43E;&#x437;&#x44F;&#x439;&#x441;&#x442;&#x432;&#x435;&#x43D;&#x43D;&#x44B;&#x435; &#x43F;&#x440;&#x435;&#x434;&#x43F;&#x440;&#x438;&#x44F;&#x442;&#x438;&#x44F;</subfield>
    <subfield code="x">&#x412;&#x43D;&#x443;&#x442;&#x440;&#x438;&#x445;&#x43E;&#x437;&#x44F;&#x439;&#x441;&#x442;&#x432;&#x435;&#x43D;&#x43D;&#x44B;&#x435; &#x43E;&#x442;&#x43D;&#x43E;&#x448;&#x435;&#x43D;&#x438;&#x44F;</subfield>
    <subfield code="y">&#x41D;&#x438;&#x436;&#x435;&#x433;&#x43E;&#x440;&#x43E;&#x434;&#x441;&#x43A;&#x430;&#x44F; &#x43E;&#x431;&#x43B;.</subfield>
    <subfield code="9">2220488</subfield>
    <subfield code="3">RU\NLR\auth\661333376</subfield>
  </datafield>
  <datafield tag="610" ind1="0" ind2=" ">
    <subfield code="a">&#x421;&#x435;&#x43B;&#x44C;&#x441;&#x43A;&#x43E;&#x445;&#x43E;&#x437;&#x44F;&#x439;&#x441;&#x442;&#x432;&#x435;&#x43D;&#x43D;&#x44B;&#x435; &#x43F;&#x440;&#x435;&#x434;&#x43F;&#x440;&#x438;&#x44F;&#x442;&#x438;&#x44F; - &#x425;&#x43E;&#x437;&#x44F;&#x439;&#x441;&#x442;&#x432;&#x435;&#x43D;&#x43D;&#x44B;&#x439; &#x440;&#x430;&#x441;&#x447;&#x435;&#x442;</subfield>
  </datafield>
  <datafield tag="610" ind1="0" ind2=" ">
    <subfield code="a">&#x41D;&#x438;&#x436;&#x435;&#x433;&#x43E;&#x440;&#x43E;&#x434;&#x441;&#x43A;&#x430;&#x44F; &#x43E;&#x431;&#x43B;., &#x441;&#x435;&#x43B;. &#x445;&#x43E;&#x437;-&#x432;&#x43E;</subfield>
  </datafield>
  <datafield tag="675" ind1=" " ind2=" ">
    <subfield code="a">631.15(470.341)</subfield>
    <subfield code="v">3</subfield>
    <subfield code="z">rus</subfield>
  </datafield>
  <datafield tag="686" ind1=" " ind2=" ">
    <subfield code="a">68.01</subfield>
    <subfield code="2">rugasnti</subfield>
  </datafield>
  <datafield tag="686" ind1=" " ind2=" ">
    <subfield code="a">65.32</subfield>
    <subfield code="2">rubbk</subfield>
  </datafield>
  <datafield tag="686" ind1=" " ind2=" ">
    <subfield code="a">&#x423;32(2)-872(2&#x420;-4&#x413;)</subfield>
  </datafield>
  <datafield tag="700" ind1=" " ind2="1">
    <subfield code="a">&#x418;&#x432;&#x430;&#x448;&#x438;&#x43D;</subfield>
    <subfield code="b">&#x415;. &#x418;.</subfield>
    <subfield code="4">070</subfield>
  </datafield>
  <datafield tag="801" ind1=" " ind2="0">
    <subfield code="a">RU</subfield>
    <subfield code="b">RKP</subfield>
    <subfield code="c">20010731</subfield>
    <subfield code="g">PSBO</subfield>
  </datafield>
  <datafield tag="801" ind1=" " ind2="1">
    <subfield code="a">RU</subfield>
    <subfield code="b">RKP</subfield>
    <subfield code="c">20010731</subfield>
  </datafield>
  <datafield tag="801" ind1=" " ind2="2">
    <subfield code="a">RU</subfield>
    <subfield code="b">NLR</subfield>
    <subfield code="c">20011018</subfield>
    <subfield code="g">rcr</subfield>
  </datafield>
  <datafield tag="942" ind1=" " ind2=" ">
    <subfield code="c">BOOK</subfield>
  </datafield>
  <datafield tag="980" ind1=" " ind2=" ">
    <subfield code="a">NB</subfield>
  </datafield>
  <datafield tag="980" ind1=" " ind2=" ">
    <subfield code="a">NBR</subfield>
  </datafield>
  <datafield tag="995" ind1=" " ind2=" ">
    <subfield code="5">2001-09-14</subfield>
    <subfield code="a">ad</subfield>
    <subfield code="b">NLR01</subfield>
    <subfield code="c">NLR01</subfield>
    <subfield code="e">RF8</subfield>
    <subfield code="f">158011</subfield>
    <subfield code="k">2001-4/8094</subfield>
    <subfield code="o">0</subfield>
    <subfield code="r">BOOK</subfield>
    <subfield code="s">200148094_</subfield>
  </datafield>
  <datafield tag="995" ind1=" " ind2=" ">
    <subfield code="5">2001-09-14</subfield>
    <subfield code="a">ad</subfield>
    <subfield code="b">NLR01</subfield>
    <subfield code="c">NLR01</subfield>
    <subfield code="e">RF8</subfield>
    <subfield code="f">158012</subfield>
    <subfield code="k">2001-4/8094</subfield>
    <subfield code="o">0</subfield>
    <subfield code="r">BOOK</subfield>
    <subfield code="s">200148094_</subfield>
  </datafield>
</record>
